000
00339nam a22001577a 4500
003
SGT
020
_a
978-81-8473-2214
082
_a
611, C10S
100
_a
SNELL, RICHARD S.
245
_a
CLINICAL NEUROANATOMY
250
_a
7TH
260
_a
INDIA
_b
WOLTERS KLUWER
_c
2010
300
_a
542
650
_a
ANATOMY
942
_2
ddc
_c
BK
_0
17
999
_c
8430
_d
8430